000 00280nam a22001217a 4500
008 170920b xxu||||| |||| 00| 0 eng d
041 _aeng
080 _a7
100 _a45
101 _aART
245 _aART IN SEVENEENTH CENTURY HOLLAND
_cREMBTANT,O,L
942 _2udc
_cBK
999 _c28582
_d28582